Cardiac imaging : (Record no. 7661)
[ view plain ]
| 000 -記錄標示 | |
|---|---|
| fixed length control field | 03309cam a22005658i 4500 |
| 001 - 控制號(記錄識別欄) | |
| control field | 22194453 |
| 003 - 控制號標識 | |
| 控制識別號 | yeezen |
| 005 - 最後更新時間 | |
| control field | 20250717144204.0 |
| 006 - 定長資料--附加資料特性 | |
| fixed length control field | m |o d | |
| 007 - 稽核細項定長資料─一般資料 | |
| fixed length control field | cr_||||||||||| |
| 008 - 定長欄資料代碼 | |
| fixed length control field | 210824s2022 pau ob 001 0 eng |
| 010 ## - 美國國會圖書館控制號 | |
| 美國國會圖書館控制號碼 | 2021041666 |
| 020 ## - 國際標準書號 | |
| 國際標準書號 | 9781975148010 |
| 限定資訊 | (epub) |
| 020 ## - 國際標準書號 | |
| 取消或無效的ISBN | 9781975147990 |
| 035 ## - 系統控制號 | |
| 系統控制號 | 22194453 |
| 040 ## - 編目來源 | |
| 原編目機構 | DLC |
| 編目語言 | eng |
| 移轉機構 | DLC |
| 編目規則代碼 | rda |
| 042 ## - 編目審定機構代碼 | |
| 編定審定機構代碼 | pcc |
| 050 00 - 美國國會圖書館分類號 | |
| 分類號 | RC683.5.R33 |
| 060 00 - 美國國家醫學圖書館索書號 | |
| 分類號 | WG18.2 |
| 082 00 - 杜威十進分類號 | |
| 分類號 | 616.1/207540076 |
| 分類表版次號 | 23 |
| 084 ## - 其它分類號 | |
| 分類號 | MED080000 |
| 號碼來源 | bisacsh |
| 130 0# - 主要款目--劃一題名 | |
| 劃一題名 | Cardiac imaging (Hsu) |
| 245 10 - 題名及著者敘述項 | |
| 正題名 | Cardiac imaging : |
| 其他題名 | a core review / |
| 著者敍述 | editors, Jean Jeudy, Sachin Malik. |
| 250 ## - 版本項 | |
| 版本敍述 | Second edition. |
| 260 ## - 出版項 | |
| 出版年 | 2022.03 |
| 263 ## - 預定出版日期 | |
| 預定出版日期 | 2112 |
| 264 #1 - PRODUCTION, PUBLICATION, DISTRIBUTION, MANUFACTURE, AND COPYRIGHT NOTICE | |
| 出版地, 經銷地, 製造地 | Philadelphia : |
| 出版者, 經銷者, 製造者 | Wolters Kluwer, |
| 出版年, 經銷年, 製造年, 版權年 | [2022] |
| 300 ## - 稽核項 | |
| 數量(面數, 冊數或其他) | 1 online resource |
| 336 ## - 內容類型項目 | |
| Content type term | text |
| Content type code | txt |
| 來源 | rdacontent |
| 337 ## - 媒體類型項目 | |
| Media type term | computer |
| Media type code | c |
| 來源 | rdamedia |
| 338 ## - 載體類型項目 | |
| Carrier type term | online resource |
| Carrier type code | cr |
| 來源 | rdacarrier |
| 490 1# - 集叢項 | |
| 集叢題名 | Core review |
| 500 ## - 一般註 | |
| 一般註 | Preceded by Cardiac imaging / editors, Joe Y. Hsu, Amar Shah. [2016]. |
| 504 ## - 書目註 | |
| 書目註 | Includes bibliographical references and index. |
| 505 0# - 內容註 | |
| 內容註 | Basics of Imaging: Radiography, CT, and MR / Nancy Pham, MD, Joe Y. Hsu, MD, Amar B. Shah, MD, MPA, Jean Jeudy, MD, and Sachin Malik, MD -- Normal Anatomy, Including Variants, Encountered on Radiography, CT, and MR./ Joe Y. Hsu, MD, Amar B. Shah, MD, MPA, and Sachin Malik, MD -- Physiologic Aspects of Cardiac Imaging / Amar B. Shah, MD, MPA and Jean Jeudy, MD -- Ischemic Heart Disease / Brian Pogatchnik, MD, Amar B. Shah, MD, MPA, and Sachin Malik, MD -- Cardiomyopathy / Jean Jeudy, MD and Sachin Malik, MD -- Cardiac Masses / Joe Y. Hsu, MD and Jean Jeudy, MD -- Valvular Disease / Jean Jeudy, MD and Sachin Malik, MD -- Pericardial Disease / Alan Ropp, MD, MS, Amar B. Shah, MD, MPA, and Jean Jeudy, MD -- Congenital Heart Disease / Joe Y. Hsu, MD and Jean Jeudy, MD -- Acquired Disease of the Thoracic Aorta and Great Vessels / Joe Y. Hsu, MD, Amar B. Shah, MD, MPA, and Jean Jeudy, MD -- Devices and Postoperative Appearance / Jody Shen, MD, Joe Y. Hsu, MD, Amar B. Shah, MD, MPA, Jean Jeudy, MD, and Sachin Malik, MD. |
| 520 ## - 摘要、提要註 | |
| 摘要 | "The second edition of the Cardiac Imaging: A Core Review builds on the success of the first edition by covering the essential aspects of cardiac imaging in a manner that serves as a guide for residents to assess their knowledge and review the material in a format that is like the ABR core examination"-- |
| 指定來源 | Provided by publisher. |
| 588 ## - 著錄來源註 | |
| 著錄來源註 | Description based on print version record and CIP data provided by publisher; resource not viewed. |
| 650 12 - 標題附加款目--主題用語 | |
| 主題用語 | Cardiac Imaging Techniques |
| 一般複分 | methods |
| 650 22 - 標題附加款目--主題用語 | |
| 主題用語 | Diagnostic Techniques, Cardiovascular |
| 650 22 - 標題附加款目--主題用語 | |
| 主題用語 | Cardiovascular Diseases |
| 一般複分 | diagnostic imaging |
| 650 #7 - 標題附加款目--主題用語 | |
| 主題用語 | MEDICAL / Radiology, Radiotherapy & Nuclear Medicine |
| 標題系統出處 | bisacsh |
| 655 #2 - 索引詞彙--類型或形式 | |
| 體裁/形式資料或核心主題詞 | Problems and Exercises |
| 700 1# - 附加款目--個人名稱 | |
| 個人姓名 | Jeudy, Jean, |
| 相關職責詞語 | editor. |
| 700 1# - 附加款目--個人名稱 | |
| 個人姓名 | Malik, Sachin, |
| 相關職責詞語 | editor. |
| 776 08 - 其他媒體形式款目 | |
| 關係資訊 | Print version: |
| 主標目 | Cardiac imaging (Hsu) |
| 題名 | Cardiac imaging |
| 版本敍述 | Second edition. |
| 出版項 | Philadelphia : Wolters Kluwer, [2022] |
| 國際標準書碼 | 9781975147990 |
| 紀錄控制號 | (DLC) 2021041665 |
| 830 #0 - 集叢附加款目--劃一題名 | |
| Uniform title | Core review series. |
| 906 ## - LOCAL DATA ELEMENT F, LDF (RLIN) | |
| a | 7 |
| b | cbc |
| c | orignew |
| d | 1 |
| e | ecip |
| f | 20 |
| g | y-gencatlg |
| 942 ## - 附加款目元素 (KOHA) | |
| 分類法來源 | 美國國家醫學圖書館圖書分類法 |
| Koha 館藏類型 | 長期借閱書籍 |
| 撤銷狀態 | 遺失狀態 | 分類號來源 | 損壞狀態 | 不外借 | 永久館藏地 | 現在館藏地 | 採購日期 | 全部借出 | 全部續借 | 完整索書號 | 條碼號 | 還書日 | 最後一次日期記錄 | Date last checked out | 一般價格有效日期 | Koha館藏類型 |
|---|---|---|---|---|---|---|---|---|---|---|---|---|---|---|---|---|
| 未註銷館藏 | 未遺失 | 美國國家醫學圖書館圖書分類法 | 未損毀 | 可外借 | 怡仁綜合醫院圖書館 | 怡仁綜合醫院圖書館 | 2025-07-17 | 4 | 1 | WG18.2 | E01285 | 2026-06-30 | 2026-01-02 | 2026-01-02 | 2025-07-17 | 長期借閱書籍 |